000 00355nam a2200145Ia 4500
008 231129s2004||||xx |||||||||||||| ||spa||
020 _a968-13-3804-9
040 _bspa
082 _a612.6 P337L
100 _aPavanel Jane
245 0 _aEl libro del sexo
260 _c2004
264 _aDiana
942 _2ddc
_cBKS
999 _c11567
_d11567